| 000 | 00520nam a2200181Ia 4500 | ||
|---|---|---|---|
| 008 | 240925s9999 xx 000 0 und d | ||
| 020 | _a9837202971 | ||
| 082 | _a025 GAR | ||
| 100 | _aGary, E. Maclean | ||
| 245 | 0 | _aDocumenting quality for ISO 9000 and other industry standards | |
| 250 | _aNA | ||
| 260 |
_aMalaysia: _bKuala Lump SDN Gold B.C _c,2000. |
||
| 300 |
_axxxi,668p. _bNA _fPhotocopy |
||
| 500 | _aNA | ||
| 600 | _aSocial Sciences | ||
| 650 | _aComputer science, information & general works | ||
| 942 | _cBK | ||
| 999 |
_c7296 _d7296 |
||